| 000 | 00359nam a22001457a 4500 | ||
|---|---|---|---|
| 082 |
_a823 _bSAT/F |
||
| 100 | _aSATHEESAN | ||
| 245 |
_aFOLK TALES FROM UTTAR PRADESH _bFOLK TALES |
||
| 246 |
_aFOLK TALES FROM UTTAR PRADESH _bFOLK TALES |
||
| 260 |
_aTHRISSUR _bH & C PUBLICATIONS |
||
| 300 | _a48 | ||
| 520 | _aFOLK TALES | ||
| 650 | _aFOLK TALES | ||
| 942 | _cBK | ||
| 999 |
_c2648 _d2648 |
||